| 000 | 00527nam a22001337a 4500 | ||
|---|---|---|---|
| 008 | 150409b xxu||||| |||| 00| 0 eng d | ||
| 020 | _a0198776268 | ||
| 050 | _aHC 79 .P6A44 2000 | ||
| 100 |
_aAllen, Tim _d2000 |
||
| 245 |
_aPoverty and Development into the 21st Century/ _cEdited by Tim Allen and Alan Thomas. |
||
| 260 |
_aNew York: _bOxford University Press, _c2000. |
||
| 300 |
_axi, 572p.: ill. _bIncludes bibliographical reference and index |
||
| 942 |
_2lcc _cBOOKS _hHC 79 .P6A44 2000 _kHC _m79 .P6A44 2000 _01 |
||
| 999 |
_c316 _d316 |
||